| 000 | 00722nam a22002177a 4500 | ||
|---|---|---|---|
| 999 |
_c20585 _d20585 |
||
| 003 | AR-CdUCM | ||
| 008 | 190531b ||||| |||| 00| 0 spa d | ||
| 040 |
_aMUNICIPALIDAD PROVINCIAL DEL CUSCO _cBIBLIOTECA MUNICIPAL DEL CUSCO |
||
| 082 |
_a070 / _bG71 |
||
| 100 |
_aGonzalez Ruiz, Nicolas _918600 |
||
| 245 | _aEl periodismo teoría y práctica / | ||
| 260 |
_aBarcelona : _bNoguer, _c1960. |
||
| 300 |
_a611 páginas ; _bIlustraciones, _c25 cm. |
||
| 505 | _aContenido : Formación del periodista -- Reporterismo -- Redacción -- Editoriales... | ||
| 650 |
_aperiodismo _91929 |
||
| 650 |
_aLecciones _943031 |
||
| 650 |
_aPrensa _919488 |
||
| 650 |
_aSituación legal _943032 |
||
| 942 |
_2ddc _cLIBROS |
||
| 945 | _arcc | ||